Survey of literature on flow characteristics of a single turbulent jet impinging on a flat plate /

Bibliographic Details
Main Author: Gauntner, James W.
Format: Book
Language:English
Published: Washington, D.C. : National Aeronautics and Space Administration, 1970.
Subjects:

MARC

Tag First Indicator Second Indicator Subfields
LEADER 00000cam a2200000Ia 4500
001 in00001560430
005 20151022071520.0
008 850720s1970 ohua f000 0 eng d
035 |a (OCoLC)ocm12287650 
040 |a DLZ  |c DLZ  |d UtOrBLW 
049 |a TXAM 
088 |a N70-18963 
100 1 |a Gauntner, James W. 
245 1 0 |a Survey of literature on flow characteristics of a single turbulent jet impinging on a flat plate /  |c by James W. Gauntner, John B. Livingood and Peter Hurcak. 
264 1 |a Washington, D.C. :  |b National Aeronautics and Space Administration,  |c 1970. 
300 |a iii, 43 pages :  |b illustrations ;  |c 28 cm. 
336 |a text  |b txt  |2 rdacontent 
337 |a unmediated  |b n  |2 rdamedia 
338 |a volume  |b nc  |2 rdacarrier 
533 |a Photocopy.  |b Springfield, Va. :  |c NTIS,  |d 1985.  |e 28 cm. 
504 |a Bibliography: pages 41-43.  |b 39. 
500 |a Cover title. 
650 0 |a Jets  |x Fluid dynamics. 
650 0 |a Heat  |x Transmission. 
994 |a E0  |b TXA 
999 |a MARS 
999 f f |s e43ab37c-37c0-3b1c-967c-112a5c1c2c6b  |i 31677f67-5496-3599-be68-3703d5b2d375  |t 0 
952 f f |p normal  |a Texas A&M University  |b College Station  |c Sterling C. Evans Library  |d Evans: Texas Documents (Annex 5th floor)  |t 0  |e N70 18963  |h No information provided  |i unmediated -- volume  |m A14826661546 
998 f f |a N70 18963  |t 0  |l Evans: Texas Documents (Annex 5th floor)